Functions and change : (Record no. 7095)

MARC details
000 -LEADER
fixed length control field 00805cam a22002054a 4500
020 ## - INTERNATIONAL STANDARD BOOK NUMBER
ISBN 9780547156699
020 ## - INTERNATIONAL STANDARD BOOK NUMBER
ISBN 0547156693
050 00 - CALL NUMBER
Classification number QA331.3
Item number .C73
100 1# - AUTHOR
Personal name Crauder, Bruce.
245 10 - TITLE
Title Functions and change :
Remainder of title a modeling approach to college algebra /
Statement of responsibility, etc Bruce Crauder, Benny Evans, Alan Noell.
250 ## - EDITION
Edition statement 4th ed.
260 ## - PUBLICATION INFORMATION
Place of publication Boston :
Name of publisher Houghton Mifflin Harcourt Pub. Co.,
Year of publication c2010.
300 ## - DESCRIPTION
Number of Pages 1 v. (various pagings) :
Other physical details ill. ;
Dimensions 26 cm.
500 ## - NOTES
General note Includes index.
505 ## - FORMATTED CONTENTS NOTE
Table of Content Prologue: calculator arithmetic --<br/>Functions --<br/>Graphical and tabular analysis --<br/>Straight lines and linear functions --<br/>Exponential functions --<br/>A survey of other common functions --<br/>Rates of change.
650 #0 - SUBJECTS
Topical Term Functions
700 1# - OTHER AUTHORS
Personal name Evans, Benny.
700 1# - OTHER AUTHORS
Personal name Noell, Alan.
942 ## - ADDED ENTRY ELEMENTS (KOHA)
Koha item type Books
Holdings
Withdrawn status Lost status Collection code Home library Current library Shelving location Date acquired Full call number Accession Number Koha item type
    Reference Methodist University Library Main Methodist University Library Main General Stacks 12/01/2013 QA331.3 .C73 36899 Books
Copyright © 2026  MUG Library